MotoGP All Pole Sitters - Statistics

General Stats
  • This quiz has been taken 2 times
  • The average score is 31 of 91
Answer Stats
Poles Country Rider % Correct
2 Spain Álex Márquez
100%
7 Italy Andrea Dovizioso
100%
1 Netherlands Graziano Rossi
100%
75 Spain Marc Márquez
100%
55 Italy Valentino Rossi
100%
7 Spain Aleix Espargaró
50%
5 Brazil Alex Barros
50%
9 Spain Àlex Crivillé
50%
1 Spain Álvaro Bautista
50%
2 Italy Andrea Iannone
50%
3 Spain Carlos Checa
50%
39 Australia Casey Stoner
50%
3 Australia Chris Vermeulen
50%
3 United States Colin Edwards
50%
1 Japan Daijiro Kato
50%
31 Spain Dani Pedrosa
50%
18 United States Eddie Lawson
50%
2 Italy Enea Bastianini
50%
3 Italy Fabio Di Giannantonio
50%
21 France Fabio Quartararo
50%
28 Italy Francesco Bagnaia
50%
2 Italy Franco Morbidelli
50%
1 Italy Franco Uncini
50%
27 United States Freddie Spencer
50%
1 Australia Garry McCoy
50%
6 Italy Giacomo Agostini
50%
2 Australia Jack Miller
50%
8 France Johann Zarco
50%
1 United Kingdom John Hopkins
50%
12 Venezuela Johnny Cecotto
50%
43 Spain Jorge Lorenzo
50%
20 Spain Jorge Martín
50%
29 United States Kevin Schwantz
50%
13 Italy Loris Capirossi
50%
8 Italy Luca Cadalora
50%
2 Italy Luca Marini
50%
3 Japan Makoto Tamada
50%
10 Italy Marco Bezzecchi
50%
9 Italy Marco Lucchinelli
50%
2 Italy Marco Simoncelli
50%
15 Spain Maverick Viñales
50%
23 Italy Max Biaggi
50%
58 Australia Mick Doohan
50%
1 Portugal Miguel Oliveira
50%
5 United States Nicky Hayden
50%
2 Spain Pedro Acosta
50%
4 United Kingdom Phil Read
50%
3 Spain Pol Espargaró
50%
5 United States Randy Mamola
50%
1 France Régis Laconi
50%
13 Spain Sete Gibernau
50%
1 Germany Stefan Bradl
50%
7 Japan Tadayuki Okada
50%
1 Japan Takaaki Nakagami
50%
1 Japan Tohru Ukawa
50%
15 United States Wayne Rainey
50%
19 United Kingdom Barry Sheene
0%
1 United States Ben Spies
0%
1 Netherlands Boet van Dulmen
0%
4 United Kingdom Cal Crutchlow
0%
6 France Christian Sarron
0%
2 United States Doug Chandler
0%
1 Italy Gianfranco Bonera
0%
4 New Zealand Graeme Crosby
0%
1 Australia Jack Findlay
0%
2 Netherlands Jack Middelburg
0%
1 France Jean Lafond
0%
2 France Jean-Michel Bayle
0%
2 United Kingdom Jeremy McWilliams
0%
9 United States John Kocinski
0%
1 United Kingdom John Williams
0%
2 Netherlands Jurgen van den Goorbergh
0%
18 United States Kenny Roberts
0%
10 United States Kenny Roberts Jr.
0%
1 Australia Kevin Magee
0%
1 France Michel Rougerie
0%
1 United States Mike Baldwin
0%
1 United Kingdom Niall Mackenzie
0%
1 France Olivier Jacque
0%
1 Switzerland Philippe Coulon
0%
2 France Raymond Roche
0%
1 United Kingdom Ron Haslam
0%
1 Japan Shinichi Ito
0%
1 New Zealand Simon Crafar
0%
1 United States Steve Baker
0%
2 Japan Tadahiko Taira
0%
1 Japan Tetsuya Harada
0%
7 Finland Teuvo Länsivuori
0%
1 United Kingdom Tony Rutter
0%
1 Italy Virginio Ferrari
0%
19 Australia Wayne Gardner
0%
No matching quizzes found
Score Distribution
Percent of People with Each Score
Percentile by Number Answered
Your Score History
You have not taken this quiz